| 000 | 00781nam a22001457a 4500 | ||
|---|---|---|---|
| 003 | OSt | ||
| 005 | 20160616091858.0 | ||
| 008 | 160616b xxu||||| |||| 00| 0 eng d | ||
| 040 | _cRUA | ||
| 082 | _aAGR YE 2015 B475 O.r | ||
| 245 | _aEffect of seed rates and herbicides on direct seeding of senpidao rice variety at royal university of agriculture, ឥទ្ធិពលនៃកម្រិតគ្រាប់ពូជ និងថ្នាំកំចាត់ស្មៅលើពូជស្រូវសែនពិដោរព្រោះដោយម៉ស៊ីនសាបគ្រាប់នៅសាកលវិទ្យាល័យភូមិន្ទកសិកម្ម | ||
| 260 |
_aPhnom Penh _bRUA _c2015 |
||
| 300 |
_axviii,59p. _bill. _c29cm. |
||
| 942 |
_2ddc _cAGR |
||
| 999 |
_c8073 _d8073 |
||